| 000 | 00467pab a2200157 454500 | ||
|---|---|---|---|
| 008 | 180718b2006 xxu||||| |||| 00| 0 eng d | ||
| 100 | _aLemanski, Charlotte | ||
| 245 | _aSpaces of exclusivity or connection? Linkages between a gated community and its poorer neighbour in a cape town master plan development | ||
| 260 | _c2006 | ||
| 300 | _ap.397-420. | ||
| 362 | _aFeb | ||
| 650 | _aUrban development | ||
| 773 | _aUrban Studies | ||
| 908 | _aN | ||
| 909 | _a75088 | ||
| 999 |
_c75088 _d75088 |
||